| 000 | 00494nam a2200217Ia 4500 | ||
|---|---|---|---|
| 008 | 170918s9999 xx 000 0 und d | ||
| 020 | _a9780545308328 | ||
| 050 | _bA134un 2012 | ||
| 100 | _aAbbott, Tony | ||
| 245 | _aWhen monsters escape / | ||
| 245 | _cby Tony Abbott. | ||
| 260 | _aNew York : | ||
| 260 | _bScholastic, | ||
| 260 | _c2012 | ||
| 300 | _a103 pages : | ||
| 300 | _billustrations ; | ||
| 300 | _c19cm. | ||
| 300 | _eUnderworlds ; | ||
| 440 | _a2 | ||
| 500 | _a730 | ||
| 999 |
_c344199 _d344199 |
||